000 00756cam a2200205 4500
001 WS110473
008 000000n 000 0 eng u
035 _a(Sirsi) u110473
110 _aNational Pig Association
_94011
245 _aNational Pig Association
520 _aSite for this organisation which describes itself as 'the voice of the UK pig industry'. Includes a discussion forum, links to their journal 'Pigworld', details of current prices and trends and frequently asked questions.
650 _aPIGS
650 0 _aDISCUSSION FORUM
650 _aORGANISATION
650 _aPRICE
650 _aSTATISTICS
690 _aRural
_96268
856 4 0 _uhttps://www.npa-uk.net
_zView the website free of charge at www.npa-uk.net...
942 _n0
999 _c119757
_d119757